|
|
|
|
| LEADER |
00835nam a2200205 i 4500 |
| 001 |
c000247679 |
| 003 |
CARM |
| 005 |
00000000000000.0 |
| 008 |
840311s1959 mdu 0 eng d |
| 019 |
1 |
|
|a 5745208
|z 27608520
|5 LACONCORD2021
|
| 035 |
|
|
|a (OCoLC)272624
|5 LACONCORD2021
|
| 082 |
0 |
4 |
|a 338.476733
|
| 100 |
1 |
|
|a Herfindahl, Orris C.
|q (Orris Clemens),
|d 1918-
|
| 245 |
1 |
0 |
|a Copper costs and prices :
|b 1870-1957.
|
| 260 |
|
|
|a Baltimore :
|b Published for Resources for the Future, inc. by the Johns Hopkins Press ,
|c [1959].
|
| 300 |
|
|
|a 260 p.
|
| 650 |
|
0 |
|a Copper industry and trade
|z United States.
|
| 852 |
8 |
|
|b CARM
|h A1:AP17F0
|i C09215
|p 0367016
|f BK
|
| 999 |
f |
f |
|i e8548a5f-8b49-586a-b1d6-dcf48257f350
|s 988076fd-a056-532f-94d2-34de8760a2d3
|
| 952 |
f |
f |
|p Can circulate
|a CAVAL
|b CAVAL
|c CAVAL
|d CARM 1 Store
|e C09215
|f A1:AP17F0
|h Other scheme
|i book
|m 0367016
|